000 00980nmc a2200325 a 4500
003 AR-BaBNM
005 20251128211806.0
008 146020s2004 ||||||||||||||000 | spa||
020 _a84-96108-10-4
040 _cAR-BaBNM
100 1 _aDíez Vegas, Cristina
245 1 0 _aLa escritura colaborativa en educación infantil
_bestrategias para el trabajo en el aula
250 _a1ª ed.
260 _aBarcelona
_bICE
_c2004
_bHORSORI
300 0 _a190 p.
490 0 _aCuadernos de educación
_v43
504 _aContiene referencias bibliográficas
650 4 _aALFABETIZACION
650 4 _aLENGUAJE ESCRITO
650 4 _aENSENANZA DE LA ESCRITURA
650 4 _aPROCESO DE APRENDIZAJE
650 4 _aCOMUNICACION EN LA CLASE
653 0 _aAPRENDIZAJE COOPERATIVO
653 0 _aEDUCACION INICIAL
653 0 _aESTRATEGIAS DIDACTICAS
700 1 _aTolchinsky Landsmann, Liliana
_eprologuista
800 1 _aColl, César
942 _cBK
998 _cme-solo cat
999 _c21130
_d21130